000
00295nam a22001337a 4500
020
_a
019563092-0
082
_a
200
_b
MAD/R
100
_a
MADAN, T N
245
_a
RELIGION IN INDIA
260
_a
DELHI
_b
OXFORD UNIVERSITY PRESS
_c
2003
300
_a
459
650
_a
RELIGIOUS
_z
INDIA
942
_c
BK
999
_c
5268
_d
5268